Pensieri di varia filosofia e di bella letteratura / (Record no. 157546)

MARC details
000 -LEADER
campo de control de longitud fija 00736nam a2200181 i 4500
001 - NÚMERO DE CONTROL
campo de control 157546
003 - IDENTIFICADOR DE NÚMERO DE CONTROL
campo de control ES-MaACL
005 - FECHA Y HORA DE LA ÚLTIMA TRANSACCIÓN
campo de control 20240501063050.0
008 - DATOS DE LONGITUD FIJA--INFORMACIÓN GENERAL
campo de control de longitud fija 040830m18981907it |||| | ita d
040 ## - FUENTE DE CATALOGACIÓN
Centro catalogador/agencia de origen CAM
Lengua de catalogación spa
Centro/agencia transcriptor CAM
100 1# - ENTRADA PRINCIPAL--NOMBRE DE PERSONA
Nombre de persona Leopardi, Giacomo,
Fechas asociadas al nombre 1798-1837
9 (RLIN) 71704
245 10 - MENCIÓN DEL TÍTULO
Título Pensieri di varia filosofia e di bella letteratura /
Mención de responsabilidad, etc. di Giacomo Leopardi.
260 ## - PUBLICACIÓN, DISTRIBUCIÓN, ETC.
Lugar de publicación, distribución, etc. Firenze :
Nombre del editor, distribuidor, etc. Successori Le Monnier,
Fecha de publicación, distribución, etc. 1898-1907.
300 ## - DESCRIPCIÓN FÍSICA
Extensión 7 v. (481; 485; 483; 439; 437; 457; 485 p.) ;
Dimensiones 19 cm.
597 ## - NOTA DE DESCRIPCIÓN FÍSICA
NOTA DE DESCRIPCIÓN FÍSICA T.I: 1898; T.II: 1900: T.III: 1901; T.IV: 1905; T.V: 1906 T.VI: 1906; TVII: 1907.
852 ## - LOCALIZACIÓN
Ubicación ES-MaACL
Número de control de estantería D-3516 y D-2378-2383
Nota libre -- Enc. hol. (t.I) y rúst. muy deteriorada (el resto)
Holdings
Estatus retirado Estado de pérdida Estado de daño No para préstamo Colección Biblioteca de origen Biblioteca actual Ubicación en estantería Fecha de adquisición Fuente de adquisición Total de préstamos Signatura topográfica completa Código de barras Visto por última vez Precio de reemplazo Tipo de ítem Koha
        Libros del s. XIX Biblioteca del Ateneo de Madrid Biblioteca del Ateneo de Madrid Sala Valle Inclán 17/01/2008     D-3516 y D-2378-2383 901164867 23/02/2023 23/02/2023 Libro impreso antiguo